ՀՀ Գիտությունների ազգային ակադեմիայի հիմնարար գիտական գրադարան  =   Fundamental Scientific Library of NAS RA

Пенодиатомовые теплоизоляционные изделия : (Record no. 514729)

MARC details
000 -LEADER
fixed length control field 01046nam a22002297a 4500
003 - CONTROL NUMBER IDENTIFIER
control field AM-YEHGA
005 - DATE AND TIME OF LATEST TRANSACTION
control field 20250617163907.0
008 - FIXED-LENGTH DATA ELEMENTS--GENERAL INFORMATION
fixed length control field 210816b ||||| |||| 00| 0 rus d
040 ## - CATALOGING SOURCE
Original cataloging agency AM-YeHGA
041 0# - LANGUAGE CODE
Language code of text/sound track or separate title rus
001 - CONTROL NUMBER
control field 1786241
090 ## - LOCALLY ASSIGNED LC-TYPE CALL NUMBER (OCLC); LOCAL CALL NUMBER (RLIN)
-- 518262
100 1# - MAIN ENTRY--PERSONAL NAME
Personal name Панин, Алексей Сергеевич.
245 10 - TITLE STATEMENT
Title Пенодиатомовые теплоизоляционные изделия :
Remainder of title [Инзен. диатомовый комбинат] /
Statement of responsibility, etc. А. С. Панин, А. А. Лизогуб, К. В. Гусева ; Науч.-исслед. ин-т по строительству "НИИ-200".
260 ## - PUBLICATION, DISTRIBUTION, ETC.
Place of publication, distribution, etc. Москва :
Name of publisher, distributor, etc. ЦБТИ,
Date of publication, distribution, etc. 1962.
300 ## - PHYSICAL DESCRIPTION
Extent 32 с.,
Other physical details ил.
500 ## - GENERAL NOTE
General note Авт. указаны на обороте тит. л.: А. С. Панин, А. А. Лизогуб и К. В. Гусева
653 0# - INDEX TERM--UNCONTROLLED
Uncontrolled term Теплоизоляционные материалы, пенодиатомовые
700 1# - ADDED ENTRY--PERSONAL NAME
Personal name Лизогуб, А. А.
700 1# - ADDED ENTRY--PERSONAL NAME
Personal name Гусева, К. В.
942 ## - ADDED ENTRY ELEMENTS (KOHA)
Source of classification or shelving scheme Universal Decimal Classification
Koha item type Գրքեր / Books
Holdings
Withdrawn status Lost status Damaged status Not for loan Collection Home library Current library Date acquired Total checkouts Full call number Barcode Date last seen Price effective from Koha item type Public note
        General Fundamental Scientific Library Fundamental Scientific Library 16/08/2021   РII/59226 FL0656698 16/08/2021 16/08/2021 Գրքեր / Books 30 Days Loan


ՀՀ ԳԱԱ հիմնարար գիտական գրադարան
ՀՀ,Երևան 0019
Մարշալ Բաղրամյան 24/6
հեռախոս:(374-10) 52-47-50
Հետադարձ կապ

All site content, except where otherwise noted, is licensed under a
Creative Commons License